000 00379nam a2200145Ia 4500
008 230312s9999||||xx |||||||||||||| ||und||
020 _a9780538478298
082 _a658.403
_bSTA-P
100 _aCiampa Mark
245 0 _aCWSP Guide to Wireless Security
260 _bCengage Learning
_aUSA
_c2012
300 _a676
650 _aManagement
_vInformation Technology
942 _cBK
999 _c16966
_d16966